Land formt Schießübungen - Statistiken

Allgemein
  • Dieses Quiz wurde 557 mal gespielt
  • Das Durchschnittsergebnis liegt bei 100 aus 300
Antworten auf der Karte
Die Antworten werden auf der Karte rot bzw. grün angezeigt, abhängig davon wie oft sie richtig erraten wurden.
 
Antwortstatistiken
Land % Korrekt
Vereinigte Staaten
99%
Australien
96%
Frankreich
96%
China
90%
Schweden
88%
Thailand
81%
Algerien
69%
Peru
60%
Rumänien
50%
Syrien
44%
Nicaragua
35%
Slowakei
31%
Costa Rica
27%
Guyana
24%
Simbabwe
23%
Tadschikistan
19%
Georgien
17%
Salomonen
12%
San Marino
10%
Eswatini
9%
Keine übereinstimmenden Quizze gefunden
Verteilung der Resultate
Anzahl Personen mit jedem Resultat
Perzentil nach korrekt beantworteten Fragen
Ihre Resultats-Entwicklung
Sie haben dieses Quiz noch nicht gespielt